| 000 -LEADER |
| fixed length control field |
00375cam a22001217a 4500 |
| 008 - FIXED-LENGTH DATA ELEMENTS--GENERAL INFORMATION |
| fixed length control field |
180718b1985 xxu||||| |||| 00| 0 eng d |
| 082 ## - DEWEY DECIMAL CLASSIFICATION NUMBER |
| Classification number |
B20/Sh23 |
| 100 ## - MAIN ENTRY--PERSONAL NAME |
| Personal name |
Sharma, Prabhu Datt |
| 245 ## - TITLE STATEMENT |
| Title |
Paschatya rajnitik vicharon ka itihas |
| Statement of responsibility, etc. |
by Prabhu Datt Sharma |
| 260 ## - PUBLICATION, DISTRIBUTION, ETC. |
| Place of publication, distribution, etc. |
Jaipur |
| Name of publisher, distributor, etc. |
College Book Depot |
| Date of publication, distribution, etc. |
1985 |
| 300 ## - PHYSICAL DESCRIPTION |
| Extent |
876,xxxvi |
| 650 ## - SUBJECT ADDED ENTRY--TOPICAL TERM |
| Topical term or geographic name entry element |
History-Plato-Marx-political thought |